| 000 | 00398pam a2200157a 44500 | ||
|---|---|---|---|
| 008 | 230515b2004 xxu||||| |||| 00| 0 eng d | ||
| 020 | _a81-8147-027-3 | ||
| 041 | _aENG | ||
| 082 | _a618.1 | ||
| 100 | _aPadubidri V.G. | ||
| 245 | _aHowkins and Bourne Shaws Textbook of Gynaecology. | ||
| 250 | _a13th | ||
| 260 |
_aNULL _bELSEVIER _c2004 |
||
| 300 | _a508 | ||
| 650 | _aObstetrics & Gynaecology | ||
| 999 |
_c549203 _d549203 |
||